[Event "VIE-ch U11 Girls"]
[Site "Hanoi"]
[Date "2022.06.15"]
[Round "6"]
[White "Lam, Binh Nguyen"]
[Black "Vo, Nguyen Hong Uyen"]
[Result "1-0"]
[WhiteElo "2166"]
[BlackElo "2160"]
[PlyCount "63"]
[EventDate "2022.06.11"]
[EventType "swiss"]
[EventRounds "7"]
[EventCountry "VIE"]
[SourceTitle "EXT 2023"]
[Source "ChessBase"]
[SourceDate "2022.10.05"]
[SourceVersion "1"]
[SourceVersionDate "2022.10.05"]
[SourceQuality "1"]

1. e4 e5 2. Bc4 Nf6 3. Nc3 Nc6 4. d3 h6 5. Nge2 Bc5 6. Be3 Bb6 7. Qd2 d6 8. h3 Bd7 9. 0-0-0 Bd4 10. f4 Qe7 11. g4 Bxe3 12. Qxe3 0-0-0 13. g5 exf4 14. gxf6 Qxf6 15. Nxf4 b6 16. Rdf1 Qe7 17. Ncd5 Qe5 18. Rd1 g5 19. Nh5 f5 20. Nhf6 Kb8 21. Nxd7+ Rxd7 22. Bb5 Kb7 23. Rhe1 f4 24. Qe2 Rf7 25. Ba6+ Kb8 26. d4 Nxd4 27. Qc4 c5 28. Nxb6 Rc7 29. Nd5 Rc6 30. Rxd4 Qxd4 31. Qb5+ Ka8 32. Qb7# 1-0

[Event "VIE-ch U11 Girls"]
[Site "Hanoi"]
[Date "2022.06.13"]
[Round "3"]
[White "Nguyen, Phuong Ly"]
[Black "Vo, Nguyen Hong Uyen"]
[Result "0-1"]
[WhiteElo "2170"]
[BlackElo "2160"]
[PlyCount "64"]
[EventDate "2022.06.11"]
[EventType "swiss"]
[EventRounds "7"]
[EventCountry "VIE"]
[SourceTitle "EXT 2023"]
[Source "ChessBase"]
[SourceDate "2022.10.05"]
[SourceVersion "1"]
[SourceVersionDate "2022.10.05"]
[SourceQuality "1"]

1. e4 e5 2. Nf3 Nc6 3. Bc4 h6 4. Nc3 Nf6 5. d3 Bc5 6. 0-0 0-0 7. Re1 d6 8. h3 Bd7 9. Be3 Bb6 10. Nd5 Be6 11. Nxb6 axb6 12. Bb3 b5 13. Nh2 Na5 14. Qf3 Kh7 15. Bd2 Nxb3 16. axb3 Rxa1 17. Rxa1 Qe7 18. c4 bxc4 19. bxc4 Ng8 20. Bb4 c5 21. Bc3 f5 22. exf5 Rxf5 23. Qe4 Nf6 24. Qe2 Nh5 25. Bd2 d5 26. cxd5 Bxd5 27. Re1 Qf6 28. Ng4 Qg6 29. Ne3 Nf4 30. Qd1 Nxg2 31. Kf1 Nxe3+ 32. Rxe3 Qg2+ 0-1